00960cam a2200253 a 45000010008000000030005000080050017000130080041000300100017000710200032000880400018001200500022001380820019001601000023001792450059002022600048002613000035003095000008003445040051003526500020004038560089004238560090005128560104006024886319NUST20171206123002.0930407s1994 nyua b 001 0 eng  a 93001552  a0195070119 (acidfree paper) aDLCcDLCdDLC00aS592.5b.M39 199400a631.41 MCB2201 aMcBride, Murray B.10aEnvironmental chemistry of soils /cMurray B. McBride. aNew York :bOxford University Press,c1994. aviii, 406 p. :bill. ;c24 cm. aH.B aIncludes bibliographical references and index. 0aSoil chemistry.423Publisher descriptionuhttp://www.loc.gov/catdir/enhancements/fy0604/93001552-d.html413Table of contents onlyuhttp://www.loc.gov/catdir/enhancements/fy0604/93001552-t.html423Contributor biographical informationuhttp://www.loc.gov/catdir/enhancements/fy0725/93001552-b.html